00664nam a2200241 a 4500001001300000003000900013005001700022008004100039020001100080082001700091100002200108245001600130260003600146300000900182500003500191505001000226650002000236700002200256902000800278942000700286952011400293999001500407nice12345678IN_TiNIC20260116012812.0050524s0000 hyda grp 000 0 urd  ac2.2500a891.44bHAS1 aHasan, Agha Hyder aPas-E-Parda aHyderabadbHyder and Sonsc0000 a183p aincludes index and biblioraphy2 aIndex aUrdu-Literature1 aHasan, Agha Hyder bSRS cBK 001040708StackRoom-aHMIbHMId2008-02-06g2.25l0o891.44 HAS1p012311r2008-02-06v2.25w2005-05-24yBK c8434d8434